000 00263nam a22001217a 4500
008 170619b xxu||||| |||| 00| 0 eng d
041 _aGER
080 _a94
100 _a18
101 _aSHH
245 _aDIE UKARINE IN EUROPA
_cOSWALD.I
942 _2udc
_cBK
999 _c18054
_d18054